000 00477nam a2200169Ia 4500
008 151021s9999 xx 000 0 und d
020 _a9.7800728295e+012
050 _aQP 34.5 S 49 2007
245 _a_Human Anatomy &Physiology [11th ed.]
260 _aNewYork McGraw Hill 2007
300 _axxvii,1043p;ill.
500 _aIncludes index
500 _aIncludes index
650 _a_Human Anatomy
700 _a_Ricki Lewis
980 _a^d20141014 11:15:52^okorir
999 _c14965
_d14965